| 000 | 01832nkc a2200301za 4500 | ||
|---|---|---|---|
| 001 | 84571 | ||
| 003 | OSt | ||
| 005 | 20260423160101.0 | ||
| 007 | kh boc | ||
| 008 | 250410s1909 sp ||||| ||||||0| i|spa d | ||
| 040 |
_cM-RABA _aM-RABA _bspa |
||
| 245 | 0 | 0 |
_aEl transito de Nª Sª por Don Carlos Salas _h[Material gráfico] _c/ Carlos Salas Viraseca |
| 246 | _aBoceto para el altar de la Asunción de la Virgen, en la capilla del Pilar de Zaragoza | ||
| 260 |
_b[Hauser y Menet] _c, [ca. 1909] |
||
| 300 |
_a1 fotografía _b: gelatina de plata _c; imagen 19,5 x 11,5 _c; soporte secundario 30 x 24 cm |
||
| 500 | _aFotografía del relieve "Boceto para el altar de la Asunción de la Virgen, en la capilla del Pilar de Zaragoza" de Carlos Salas. Se conserva en el Museo de la Real Academia de Bellas Artes de San Fernando con nº de inventario E-142. | ||
| 500 | _aMontada sobre un soporte secundario de cartón, con texto manuscrito a lápiz en la parte inferior al recto: "El transito de N[uestra] S[eñora] por Don Carlos Salas. Académico de mérito en 1760 pero por otro relieve". Nota manuscrita al verso a lápiz rojo: "Carlos Salas / [1ndº de 1824]". | ||
| 500 | _aFecha probable de la realización de la fotografía realizada por Hauser y Menet. | ||
| 544 | _aArchivo de la Real Academia de Bellas Artes de San Fernando (Le-4-29-1) | ||
| 600 | 1 | 0 |
_aSalas Vilaseca, Carlos, _d(1728-1780) _9111686 |
| 610 | 2 | 4 |
_aReal Academia de Bellas Artes de San Fernando. _975832 |
| 651 | 7 |
_aMadrid _2embne _975182 |
|
| 655 | 7 |
_aFotografías de obras de arte _975675 |
|
| 710 | 2 |
_aHauser y Menet (Madrid) _950978 |
|
| 852 | _jFot-603 | ||
| 856 |
_3Fot-603 _uhttps://archivoybiblioteca.realacademiabellasartessanfernando.com/cgi-bin/koha/opac-retrieve-file.pl?id=ca4f3740da49730a131d8956980de72a |
||
| 942 |
_2ddc _cFOTOGRAFÍA _n0 |
||
| 999 |
_c84571 _d84571 |
||